00414nam a2200157Ia 4500001000500000005001700005008004100022041000800063082001700071100003900088245007600127260000900203300002800212650000800240654000800248948520260306161722.0260306t2014||||xx |||||||||||||| ||spa|| aESP a379.158bS25 aSantos Guerra, Miguel ÁngeleAUT 0aLa evaluación como aprendizaje:bcuando la flecha impacta en la diana c2014 a173 páginas :c21 cm. aGEN aCED